|
|
|
|
| LEADER |
00000nim a2200000 a 4500 |
| 001 |
vtls012261786 |
| 003 |
SK-MaSNL |
| 005 |
20260301081237.0 |
| 007 |
sd fsngnnmmnud |
| 008 |
240807s2024 xo nnnnfs f n slo |
| 015 |
|
|
|a SNBJ2025
|
| 020 |
|
|
|a 9788018123393
|q (zvuková kniha)
|
| 040 |
|
|
|a SNK
|b slo
|c SNK
|e AACR2
|
| 041 |
0 |
|
|a slo
|
| 044 |
|
|
|a xo
|c SK
|
| 080 |
|
|
|a (086.76)
|2 2001
|
| 100 |
1 |
|
|a Kubernát, František C.,
|d 1921-2011
|4 aut
|9 162506
|
| 245 |
1 |
0 |
|a Pribina
|h elektronický zdroj
|c František C. Kubernát ; číta: Igor Šabek
|
| 260 |
|
|
|a Levoča
|b Slovenská knižnica pre nevidiacich Mateja Hrebendu
|c 2024
|
| 300 |
|
|
|a 1 elektronický optický disk (CD-ROM)
|b digitálny, mono, MP3
|c 12cm
|
| 306 |
|
|
|a 083000
|
| 520 |
8 |
|
|a Román o nitrianskom kniežati čerpá látku z dejín predveľkomoravského Nitrianska.
|
| 521 |
|
|
|a pre nevidiacich, slabozrakých a inak zdravotne postihnutých
|
| 655 |
|
7 |
|a zvukové záznamy
|2 SNKPH
|9 70720
|
| 655 |
|
7 |
|a historické romány
|2 SNKPH
|9 70253
|
| 655 |
|
7 |
|a CD-ROM
|2 SNKPH
|9 70236
|
| 700 |
1 |
|
|a Šabek, Igor
|4 nrt
|9 312613
|
| 752 |
|
|
|a Slovensko
|d Levoča
|
| 919 |
|
|
|a 978-80-18-12339-3
|
| 999 |
|
|
|c 655340
|d 657270
|
| 952 |
|
|
|a SNK
|b SNK
|y NEVYP
|7 1
|p 17A1575618
|o snkSCD 7308
|i snk2025/11915
|8 0
|0 0
|1 0
|4 0
|d 2025-07-23
|l 0
|r 2026-02-23 18:35:06
|w 2026-02-23
|